|
|
|
|
| LEADER |
01343nam a22003734a 4500 |
| 001 |
EBC296139 |
| 003 |
MiAaPQ |
| 005 |
20200520144314.0 |
| 006 |
m o d | |
| 007 |
cr cn||||||||| |
| 008 |
050610s2005 njua sb 001 0 eng |
| 010 |
|
|
|z 2005048143
|
| 020 |
|
|
|z 9810249136
|
| 035 |
|
|
|a (MiAaPQ)EBC296139
|
| 035 |
|
|
|a (Au-PeEL)EBL296139
|
| 035 |
|
|
|a (CaPaEBR)ebr10173909
|
| 035 |
|
|
|a (CaONFJC)MIL137297
|
| 035 |
|
|
|a (OCoLC)476063613
|
| 040 |
|
|
|a MiAaPQ
|c MiAaPQ
|d MiAaPQ
|
| 050 |
|
4 |
|a HD30.2
|b .Z45 2005
|
| 082 |
0 |
4 |
|a 658.4/038
|2 22
|
| 100 |
1 |
|
|a Zeleny, Milan,
|d 1942-
|
| 245 |
1 |
0 |
|a Human systems management
|h [electronic resource] :
|b integrating knowledge, management and systems /
|c by Milan Zeleny.
|
| 246 |
3 |
|
|a HSM
|
| 260 |
|
|
|a Hackensack, NJ :
|b World Scientific Pub.,
|c c2005.
|
| 300 |
|
|
|a xxiii, 459 p. :
|b ill.
|
| 504 |
|
|
|a Includes bibliographical references and index.
|
| 533 |
|
|
|a Electronic reproduction. Ann Arbor, MI : ProQuest, 2015. Available via World Wide Web. Access may be limited to ProQuest affiliated libraries.
|
| 650 |
|
0 |
|a Knowledge management.
|
| 650 |
|
0 |
|a System theory.
|
| 650 |
|
0 |
|a Organizational effectiveness.
|
| 655 |
|
4 |
|a Electronic books.
|
| 710 |
2 |
|
|a ProQuest (Firm)
|
| 856 |
4 |
0 |
|u https://ebookcentral.proquest.com/lib/matrademy/detail.action?docID=296139
|z Click to View
|